| 000 | 00811cam a22002533a 4500 | ||
|---|---|---|---|
| 001 | 32443 | ||
| 003 | PGUSA | ||
| 005 | 20140828083713.0 | ||
| 008 | 100519s2010||||xxu|||||s|||||000 | eng d | ||
| 040 |
_aPGUSA _beng |
||
| 042 | _adc | ||
| 050 | 4 | _aPT | |
| 100 | 1 |
_aDahn, Felix, _d1834-1912 |
|
| 245 | 1 | 0 |
_aSaga of Halfred the Sigskald : _bA Northern Tale of the Tenth Century _h[electronic resource] / _cFelix Dahn |
| 260 |
_bProject Gutenberg, _c2010 |
||
| 506 | _aPublic domain in the USA. | ||
| 516 | _aElectronic text | ||
| 653 | _aSagas -- Translations into English | ||
| 653 | _aHallfreður Óttarsson, vandræðaskáld -- Romances | ||
| 700 | 1 |
_aVeitch, Sophie F. F. _q(Sophie Frances Fane) |
|
| 830 | 0 |
_aProject Gutenberg _v32443 |
|
| 856 | 4 | 0 | _uhttp://www.gutenberg.org/ebooks/32443 |
| 942 | _cEB | ||
| 999 |
_c261698 _d261698 |
||